00855cam a2200265 a 4500003000400000005001700004008004100021010001700062020003300079035002100112040001800133042000900151050002300160100002400183245005100207250001200258260004000270300003300310521000700343526000800350650002500358651002600383856009400409856008600503OSt20140310184312.0990714s2000 nyuab b 000 1 eng  a 99040724  a0805062033 (hc : alk. paper) a(DLC) 99040724 aDLCcDLCdDLC alcac00aPZ 7b.W15938 20051 aWallner, Alexandra.10aSergio and the hurricane /cAlexandra Wallner. a1st ed. aNew York :bScholastic inc.,c2005. bcol. ill. ;c27 cm.a32 p. : aG5 c700 1aHurricanesvFiction. 1aPuerto RicovFiction.423Contributor biographical informationuhttp://www.loc.gov/catdir/bios/hol056/99040724.html423Publisher descriptionuhttp://www.loc.gov/catdir/description/hol056/99040724.html